| 000 | 00928nam a22002417a 4500 | ||
|---|---|---|---|
| 999 |
_c163379 _d163379 |
||
| 005 | 20190411170918.0 | ||
| 008 | 190411b ||||| |||| 00| 0 eng d | ||
| 010 | _aB-714091 | ||
| 020 |
_a9788173718625 _c250.00 |
||
| 035 | _aB-714091 | ||
| 037 | _bAksharesh Enterprises/Ven | ||
| 040 |
_adpl _ben |
||
| 050 | _a333.7 | ||
| 082 | _a333.7 | ||
| 100 | _aBharucha, Erach | ||
| 245 |
_aTextbook of environmental studies for undergraduate courses/ _cby Erach Bharucha |
||
| 250 | _a2nd ed. | ||
| 260 |
_aHyderabad _bUniversities Press(India) _c2017 |
||
| 270 |
_a3-6-747,/1A &3-6-754/I, Himayatnagar _bHyderabad _e500029 |
||
| 300 |
_axviii,305p _c24cm(pbk) |
||
| 942 |
_2ddc _cEN _h333.6 _mBHA |
||